Estudios de Perito Textil en la especialidad de tejidos de punto
Descripción Física:
19 p. ; 2 fot. a les contracobertes ; 19 cm
MARC
| LEADER | 00000nam a2200000Ia 4500 | ||
|---|---|---|---|
| 001 | 11793 | ||
| 008 | 160829s1951 (Imp. Casa de Caritat) xx 000 0 cat d | ||
| 080 | |a FU-3-21 | ||
| 110 | 2 | |a Escola Universitària d'Enginyeria Tècnica en Teixits de Punt (Canet de Mar) |9 54348 | |
| 245 | |a Estudios de Perito Textil en la especialidad de tejidos de punto | ||
| 260 | |a Canet de Mar : |b Escuela Especial de Tejdos de Punto, |c 1951 (Imp. Casa de Caritat) | ||
| 300 | |a 19 p. ; |c 2 fot. a les contracobertes ; |c 19 cm | ||
| 610 | 2 | 0 | |a Escola Universitària d'Enginyeria Tècnica en Teixits de Punt (Canet de Mar) |x Currículums |9 54351 |
| 856 | 4 | |u https://media.diba.cat/diba/fitxers/arxiu/fulletons/bib_11793_baixa.pdf |y Accés lliure | |
| 856 | 4 | |u https://media.diba.cat/diba/fitxers/arxiu/fulletons/bib_11793_baixa.pdf |y Accés lliure | |
| 901 | |a Arxiu | ||
| 942 | |n 1 |2 udc | ||
| 952 | |0 0 |1 0 |4 0 |6 FU321 |7 1 |9 42628 |a Arxiu |b Arxiu |d 2016-12-01 |l 0 |o FU-3-21 |p 11793 |r 2016-12-01 00:00:00 |w 2016-12-01 |y ARXIU | ||
| 999 | |c 45134 |d 45134 | ||
| 900 | |a bib_11793_baixa.pdf | ||